000 00431nam a22001817a 4500
005 20251108170805.0
008 250721s1994 xx 000 0 ara d
082 1 4 _a001.2/عود
100 1 _aعودة، أحمد
245 1 0 _aتعاريف /
264 _c1994.
300 _a89ص
650 1 7 _aالبحث
650 1 7 _aاللغة العربية
650 1 7 _aعلم المعاني
942 _2ddc
_cBK
999 _c49051
_d49051